00639cam a22002053a 450000100060000000300060000600500170001200800410002904000150007004200070008505000070009210000300009924501250012926000290025450600300028351600200031365300290033383000290036285600420039118306PGUSA20140828083405.0060504s2006||||xxu|||||s|||||000 | eng d aPGUSAbeng adc 4aDS1 aHipolito, Pilar J. Lazaro10aRizal sa Harap ng Bayan :bTalumpating Binigkas sa Look ng Bagumbayanh[electronic resource] /cPilar J. Lazaro Hipolito bProject Gutenberg,c2006 aPublic domain in the USA. aElectronic text aRizal, José, 1861-1896 0aProject Gutenbergv1830640uhttp://www.gutenberg.org/ebooks/18306